000 00396nam a22001697a 4500
003 NUST - PNEC
005 20170116181050.0
008 150929b xxu||||| |||| 00| 0 eng d
020 _a-
040 _cLIBRARY
082 _a621.3841 MIT
100 _911817
_aMithal, G.K
245 _aApplied electronics radio engineering
_cG.K Mithal
250 _a-
260 _cc.1979
942 _2ddc
_cBK
999 _c68353
_d68353